000 01146nam a22002657a 4500
005 20240530110514.0
008 160103s2012 ua f 000 0 ara d
017 _a2011/14991
_bمصر . دار الكتب المصرية
020 _a9789773279322
040 _aEG-CaGPL
082 0 4 _221
_a616.9803\
_bم ت
100 0 _aمحمد بكير مصطفى بكير .
245 1 0 _aتاريخ الطب الصناعى فى مجال الانتاج /
_cاعداد و تاليف محمد بكير مصطفى بكير ؛ المراجعة الطبية حمدى غانم ، فهيم عبدالغنى غانم .
250 _aط1.
260 _aالاسكندرية :
_bدار الوفاء لدنيا الطباعة و النشر ،
_c2012 .
300 _a295 ص ؛
_c24 سم .
650 0 4 _aالطب الصناعى .
650 0 4 _aالتامين .
650 0 4 _aالعمل و العمال
_xالرعاية الصحية .
650 0 4 _aاصابات العمل .
700 0 _aحمدى غانم .
_eمراجع .
700 0 _aفهيم عبدالغنى غانم
_eمراجع .
942 _2ddc
_cBK
999 _c61746
_d61746